000 03100cam a22007214i 4500
003 PE-LiUPU
005 20250731170451.0
008 150706s2007 ck r 000 0 spa d
020 _a9587018737
020 _a9789587018738
035 _a(Sirsi) i9789587018738
040 _aPE-LiUPU
_bspa
_cPE-LiUPU
_dPE-LiUPU
_erda
049 _aPRUA
082 0 4 _a174.957
_bB5
_221
082 0 4 _a174.957
_bF82 2007
100 1 _aFranco Agudelo, Saúl Alonso,
_eautor.
245 0 1 _aBioética y salud pública :
_bencuentros y tensiones /
_cSaúl Alonso Franco Agudelo, Saúl Franco Agudelo.
264 1 _aBogotá :
_bUniversidad Nacional de Colombia,
_c2007.
300 _a243 páginas ;
_c23 centímetros.
336 _atext
_2rdacontent
337 _aunmediated
_2rdamedia
338 _avolume
_2rdacarrier
505 0 _aMarco introductorio -- Problemas y tensiones en la garantía del derecho a la salud -- Dimensiones éticas de problemas prioritarios en salud pública -- Aportes de la bioética en la formación y la investigación en salud pública -- Retos para la bioética en el campo de la salud pública.
526 _aSEG68
526 _aSEG70
526 _aSEG69
526 _aSEG67
526 _aSEG43
526 _aP144
526 _aP143
526 _aP131
526 _aP122
526 _aP120
526 _aP117
526 _aP112
526 _aP110
526 _aP106
526 _aP101
526 _aP80
526 _aP59
526 _aP54
526 _aP35
526 _aP33
526 _aP30
541 _g015-0012181;
650 0 4 _aBioética.
650 0 4 _aCiencias de la vida.
650 0 4 _aÉtica médica.
650 0 4 _aSalud pública
_xAspectos morales y éticos.
700 1 _aAgudelo, Saúl Franco,
_eautor.
910 _agl
_bjv
_clch
_d20101207
910 _cwelc
_d20161028
942 _2ddc
_cBOOK
949 _a174.957 B5
_wDEWEY
_c1
_i62339
_d2016-5-20
_e2016-5-18
_lCCODEBUL1
_mBUL
_n1
_p24.00
_r0
_sY
_tBOOK
_u2015-7-6
_xSALUD
_PP22
_0COMPRA
_o.STAFF. Colección Ciencias de la Salud
949 _a174.957 F82 2007
_wDEWEY
_c1
_iFJ03495
_lCCODEBUJ1
_mBUJ
_p24.00
_r0
_sY
_tBOOK
_u2015-10-7
_xSALUD
_PP33
_0COMPRA
_o.STAFF. Colección General Juliaca
949 _a174.957 F82 2007
_wDEWEY
_c2
_iFJ03496
_lCCODEBUJ1
_mBUJ
_p24.00
_r0
_sY
_tBOOK
_u2015-10-16
_xSALUD
_PP33
_0COMPRA
_o.STAFF. Colección General Juliaca
994 _aC0
_bPEPRU
596 _a1 3
999 _a174.957 B5
_wDEWEY
_c51384
_i62339
_d51384
_e2016-5-18
_f2021-11-3
_g5
_lCCODEBUL1
_mBUL
_n1
_p24.00
_q1
_r0
_sY
_tBOOK
_u2015-7-6
_xSALUD
_zP22
_0COMPRA
_o.STAFF. Colección Ciencias de la Salud
999 _a174.957 F82 2007
_wDEWEY
_c1
_iFJ03495
_f2022-1-17
_g4
_lCCODEBUJ1
_mBUJ
_p24.00
_r0
_sY
_tBOOK
_u2015-10-7
_xSALUD
_PP33
_0COMPRA
_o.STAFF. Colección General Juliaca
999 _a174.957 F82 2007
_wDEWEY
_c2
_iFJ03496
_f2022-1-17
_g4
_lCCODEBUJ1
_mBUJ
_p24.00
_r0
_sY
_tBOOK
_u2015-10-16
_xSALUD
_PP33
_0COMPRA
_o.STAFF. Colección General Juliaca
980 _81
_gALBERTO SANCHEZ Responsable de Automatización